| 000 | 00821nam a22002537a 4500 | ||
|---|---|---|---|
| 999 |
_c4119 _d4119 |
||
| 001 | 11515 | ||
| 003 | BD-DhUAP | ||
| 005 | 20201101155440.0 | ||
| 008 | 700812s1970 nyua b 001 0 eng | ||
| 020 | _a007y855773 | ||
| 040 |
_aBD-DhUAP _cBD-DhUAP _dBD-DhUAP _bEng |
||
| 082 | 0 | 0 |
_a510.2462 PIP _220 |
| 100 | 1 | _aPipes, Louis Albert. | |
| 245 | 1 | 0 |
_aApplied mathematics for engineers and physicists / _cLouis A. Pipes and Lawrence R. Harvill. |
| 250 | _a3d ed. | ||
| 260 |
_aNew York : _bMcGraw-Hill, _cc1971. |
||
| 300 |
_axxii, 1015 pages : _billustrations ; _c23 cm. |
||
| 490 | 0 | _aInternational series in pure and applied mathematics. | |
| 504 | _aIncludes bibliographical references. | ||
| 650 | 0 | _aMathematical physics. | |
| 650 | 0 | _aMechanics, Applied. | |
| 700 | 1 | _aHarvill, Lawrence R. | |
| 942 |
_2ddc _cBK |
||